Principles of the law of evidence: A study of the Indian evidence act, 1872 (Record no. 32576)
[ view plain ]
| 000 -LEADER | |
|---|---|
| fixed length control field | 00509nam a2200169Ia 4500 |
| 008 - FIXED-LENGTH DATA ELEMENTS--GENERAL INFORMATION | |
| fixed length control field | 230917s9999||||xx |||||||||||||| ||und|| |
| 020 ## - ISBN | |
| Price | RS480 |
| 040 ## - CATALOGING SOURCE | |
| -- | 257512 |
| Original cataloging agency | VIVEKANANDA LIBRARY |
| 041 ## - Language | |
| -- | English |
| 082 ## - DDC NUMBER | |
| Classification number | 345.06 A92P(23) |
| 100 ## - MAIN ENTRY--PERSONAL NAME | |
| Personal name | Avtar Singh |
| 245 #0 - TITLE STATEMENT | |
| Title | Principles of the law of evidence: A study of the Indian evidence act, 1872 |
| 260 ## - PUBLICATION, DISTRIBUTION, ETC. (IMPRINT) | |
| Place of publication, distribution, etc | Allahabad |
| Name of publisher, distributor, etc | Central Law Publications |
| Date of publication, distribution, etc | 2018 |
| 300 ## - PHYSICAL DESCRIPTION | |
| Pages | lxxii, 632 p. |
| 500 ## - GENERAL NOTE | |
| General note | 3585 19/08/2019 RBP19/76691 06/09/2019 Main Budget |
| 942 ## - ADDED ENTRY ELEMENTS (KOHA) | |
| Koha item type | Books |
| Withdrawn status | Lost status | Damaged status | Not for loan | Location (home branch) | Sublocation or collection (holding branch) | Date acquired | Koha issues (times borrowed) | Koha full call number | Accession No. | Koha date last seen | Koha item type |
|---|---|---|---|---|---|---|---|---|---|---|---|
| VIVEKANANDA LIBRARY | VIVEKANANDA LIBRARY | 02/11/2019 | 1 | 345.06 A92P(23) | 376653 | 20/05/2025 | Books | ||||
| VIVEKANANDA LIBRARY | VIVEKANANDA LIBRARY | 02/11/2019 | 345.06 A92P(23) | 376654 | 17/09/2023 | Books | |||||
| VIVEKANANDA LIBRARY | VIVEKANANDA LIBRARY | 02/11/2019 | 6 | 345.06 A92P(23) | 376655 | 27/03/2026 | Books | ||||
| VIVEKANANDA LIBRARY | VIVEKANANDA LIBRARY | 02/11/2019 | 345.06 A92P(23) | 376656 | 17/09/2023 | Books | |||||
| VIVEKANANDA LIBRARY | VIVEKANANDA LIBRARY | 02/11/2019 | 345.06 A92P(23) | 376657 | 17/09/2023 | Books |
